[Event "Turniej Blitza na II Lidze Juniorów 2018"]
[Site "Szczyrk, Poland"]
[Date "2018.07.26"]
[Round "3.54"]
[White "Klim, Juliusz"]
[Black "Krawczyk, Flawian"]
[Result "0-1"]
[TimeControl "3'+2\""]
[WhiteElo "1110"]
[BlackElo "1372"]

1. d4 {[%clk 00:03:02]} {[%emt 00:00:01]} d5 {[%clk 00:03:03]} {[%emt
00:00:02]} 2. c4 {[%clk 00:03:03]} {[%emt 00:00:01]} e6 {[%clk 00:03:04]}
{[%emt 00:00:01]} 3. Nc3 {[%clk 00:03:04]} {[%emt 00:00:01]} Nf6 {[%clk
00:03:04]} {[%emt 00:00:01]} 4. e3 {[%clk 00:03:06]} Be7 {[%clk 00:03:05]}
{[%emt 00:00:02]} 5. Nf3 {[%clk 00:03:07]} O-O {[%clk 00:03:06]} {[%emt
00:00:01]} 6. Bd3 {[%clk 00:03:08]} {[%emt 00:00:01]} h6 {[%clk 00:03:07]}
{[%emt 00:00:01]} 7. O-O {[%clk 00:03:08]} b6 {[%clk 00:03:09]} 8. b3 {[%clk
00:03:09]} {[%emt 00:00:02]} Bb7 {[%clk 00:03:10]} 9. Bb2 {[%clk 00:03:10]}
{[%emt 00:00:01]} Nbd7 {[%clk 00:03:11]} 10. Rc1 {[%clk 00:03:09]} {[%emt
00:00:03]} c5 {[%clk 00:03:12]} 11. Bb1 {[%clk 00:03:07]} {[%emt 00:00:06]} Rc8
{[%clk 00:03:13]} 12. cxd5 {[%clk 00:03:06]} {[%emt 00:00:05]} Bxd5 {[%clk
00:03:13]} 13. Re1 {[%clk 00:03:06]} {[%emt 00:00:03]} Bb7 {[%clk 00:03:13]} 14.
e4 {[%clk 00:03:05]} {[%emt 00:00:05]} Qc7 {[%clk 00:03:12]} 15. e5 {[%clk
00:03:02]} {[%emt 00:00:08]} Nd5 {[%emt 00:00:06]} 16. Ne4 f5 {[%clk 00:03:08]}
{[%emt 00:00:05]} 17. exf6 {[%clk 00:02:59]} {[%emt 00:00:03]} N5xf6 {[%clk
00:03:08]} {[%emt 00:00:02]} 18. Nxf6+ {[%clk 00:02:57]} {[%emt 00:00:05]} Nxf6
{[%clk 00:03:08]} {[%emt 00:00:01]} 19. Rxe6 {[%clk 00:02:55]} {[%emt
00:00:04]} Qd7 {[%clk 00:03:05]} {[%emt 00:00:04]} 20. Re1 {[%clk 00:02:48]}
{[%emt 00:00:10]} Bxf3 {[%clk 00:02:59]} {[%emt 00:00:08]} 21. Qxf3 {[%clk
00:02:49]} Ng4 {[%clk 00:03:01]} {[%emt 00:00:01]} 22. Qe4 {[%clk 00:02:43]}
{[%emt 00:00:08]} Rce8 {[%clk 00:02:48]} {[%emt 00:00:14]} 23. Qh7+ {[%clk
00:02:35]} {[%emt 00:00:10]} Kf7 {[%clk 00:02:41]} {[%emt 00:00:09]} 24. Bg6+
{[%clk 00:02:31]} {[%emt 00:00:06]} Kf6 {[%clk 00:02:41]} {[%emt 00:00:02]} 25.
dxc5+ {[%clk 00:02:29]} {[%emt 00:00:05]} Kg5 {[%clk 00:02:19]} {[%emt
00:01:31]} 26. Bxe8 {[%clk 00:03:06]} {[%emt 00:00:26]} Rxe8 {[%clk 00:02:11]}
{[%emt 00:00:09]} 27. Qxg7+ {[%clk 00:03:06]} {[%emt 00:00:03]} Kh5 {[%clk
00:01:43]} {[%emt 00:00:02]} 28. h3 {[%clk 00:02:44]} {[%emt 00:00:51]} Nxf2
{[%clk 00:01:20]} {[%emt 00:00:23]} 29. Qf7+ {[%clk 00:02:45]} {[%emt
00:00:04]} Kh4 {[%clk 00:01:14]} {[%emt 00:00:08]} 30. Qxf2+ {[%clk 00:02:45]}
{[%emt 00:00:02]} Kh5 {[%clk 00:01:14]} {[%emt 00:00:02]} 31. Re5+ {[%clk
00:02:41]} {[%emt 00:00:06]} Kg6 {[%clk 00:01:13]} {[%emt 00:00:02]} 32. Qg3+
{[%clk 00:02:39]} {[%emt 00:00:05]} Kh7 {[%clk 00:01:14]} {[%emt 00:00:02]} 33.
Rf1 {[%clk 00:02:21]} {[%emt 00:00:19]} Bxc5+ {[%clk 00:00:50]} {[%emt
00:00:03]} 34. Kh1 {[%clk 00:02:21]} {[%emt 00:00:25]} Rxe5 {[%clk 00:00:50]}
{[%emt 00:00:02]} 35. Qxe5 {[%clk 00:02:22]} {[%emt 00:00:01]} Bd6 {[%clk
00:00:51]} {[%emt 00:00:01]} 36. Qf5+ {[%clk 00:02:21]} {[%emt 00:00:03]} Qxf5
{[%clk 00:00:50]} {[%emt 00:00:03]} 37. Rxf5 {[%clk 00:02:22]} {[%emt
00:00:02]} Kg6 {[%clk 00:00:46]} {[%emt 00:00:05]} 38. Rd5 {[%clk 00:02:21]}
{[%emt 00:00:02]} Bc7 {[%clk 00:00:45]} {[%emt 00:00:03]} 39. Rd7 {[%clk
00:02:22]} {[%emt 00:00:02]} Bf4 {[%clk 00:00:44]} {[%emt 00:00:03]} 40. Rxa7
{[%clk 00:02:22]} {[%emt 00:00:02]} h5 {[%clk 00:00:44]} {[%emt 00:00:02]} 41.
Ra6 {[%clk 00:02:23]} {[%emt 00:00:01]} Be3 {[%clk 00:00:40]} {[%emt 00:00:05]}
42. a4 {[%clk 00:02:20]} {[%emt 00:00:06]} Kg5 {[%clk 00:00:40]} {[%emt
00:00:02]} 43. Kh2 {[%clk 00:02:17]} {[%emt 00:00:05]} Kf4 {[%clk 00:00:41]}
{[%emt 00:00:01]} 44. g3+ {[%clk 00:02:17]} {[%emt 00:00:02]} Kf3 {[%clk
00:00:42]} 45. Ra8 {[%clk 00:02:13]} {[%emt 00:00:06]} Kf2 {[%clk 00:00:40]}
{[%emt 00:00:02]} 46. Rf8+ {[%clk 00:02:13]} {[%emt 00:00:03]} Ke2 {[%clk
00:00:40]} {[%emt 00:00:02]} 47. Re8 {[%clk 00:02:14]} {[%emt 00:00:02]} Kf2
{[%clk 00:00:35]} {[%emt 00:00:06]} 48. b4 {[%clk 00:02:05]} {[%emt 00:00:12]}
0-1

[Event "Turniej Blitza na II Lidze Juniorów 2018"]
[Site "Szczyrk, Poland"]
[Date "2018.07.26"]
[Round "3.48"]
[White "Matyszkiewicz, Wiktor"]
[Black "Bochenek, Ryszard"]
[Result "1-0"]
[TimeControl "3'+2\""]
[WhiteElo "1431"]
[BlackElo "1205"]

1. e4 {[%clk 00:03:03]} c5 {[%clk 00:03:04]} 2. Nf3 {[%clk 00:03:04]} {[%emt
00:00:02]} Nc6 {[%clk 00:03:05]} {[%emt 00:00:01]} 3. d4 {[%clk 00:03:05]}
{[%emt 00:00:01]} cxd4 {[%clk 00:03:06]} {[%emt 00:00:01]} 4. Nxd4 {[%clk
00:03:05]} {[%emt 00:00:02]} e6 {[%clk 00:03:07]} 5. Nc3 {[%clk 00:03:03]}
{[%emt 00:00:05]} a6 {[%clk 00:03:08]} {[%emt 00:00:01]} 6. Be3 {[%clk
00:03:03]} {[%emt 00:00:02]} Nge7 {[%clk 00:03:09]} {[%emt 00:00:01]} 7. Be2
{[%clk 00:02:38]} {[%emt 00:00:26]} g6 {[%clk 00:03:10]} {[%emt 00:00:01]} 8.
Qd2 {[%clk 00:02:24]} {[%emt 00:00:16]} Bg7 {[%clk 00:03:11]} {[%emt 00:00:02]}
9. O-O-O {[%clk 00:02:21]} {[%emt 00:00:04]} O-O {[%clk 00:03:02]} {[%emt
00:00:11]} 10. h4 {[%clk 00:02:22]} {[%emt 00:00:01]} b5 {[%clk 00:03:02]}
{[%emt 00:00:03]} 11. h5 {[%clk 00:02:18]} {[%emt 00:00:06]} Rb8 {[%clk
00:02:35]} {[%emt 00:00:29]} 12. hxg6 {[%clk 00:02:17]} {[%emt 00:00:03]} fxg6
{[%clk 00:02:34]} {[%emt 00:00:02]} 13. Nxc6 {[%clk 00:01:45]} {[%emt
00:00:34]} 1-0

[Event "Turniej Blitza na II Lidze Juniorów 2018"]
[Site "Szczyrk, Poland"]
[Date "2018.07.26"]
[Round "3.7"]
[White "Babiarz, Arkadiusz"]
[Black "Praczukowski, Stanislaw"]
[Result "1-0"]
[TimeControl "3'+2\""]
[WhiteElo "1699"]
[BlackElo "2078"]

1. e4 {[%clk 00:03:03]} {[%emt 00:02:36]} c5 {[%clk 00:03:04]} 2. c3 {[%clk
00:03:05]} {[%emt 00:00:01]} e5 {[%clk 00:02:58]} {[%emt 00:00:07]} 3. Nf3
{[%clk 00:03:05]} {[%emt 00:00:02]} Nc6 {[%clk 00:02:59]} 4. Bc4 {[%clk
00:03:06]} {[%emt 00:00:02]} Nf6 {[%clk 00:02:58]} {[%emt 00:00:03]} 5. Ng5
{[%clk 00:03:06]} {[%emt 00:00:01]} d5 {[%clk 00:02:59]} {[%emt 00:00:02]} 6.
exd5 {[%clk 00:03:07]} {[%emt 00:00:01]} Nxd5 {[%clk 00:02:54]} {[%emt
00:00:06]} 7. Qh5 {[%clk 00:02:48]} {[%emt 00:00:22]} g6 {[%clk 00:02:55]} 8.
Qf3 {[%clk 00:02:49]} {[%emt 00:00:01]} Qxg5 {[%clk 00:02:40]} {[%emt
00:00:18]} 9. Bxd5 {[%clk 00:02:50]} {[%emt 00:00:01]} Nd8 {[%clk 00:02:40]} 10.
O-O {[%clk 00:02:46]} {[%emt 00:00:06]} Qe7 {[%clk 00:02:21]} {[%emt 00:00:21]}
11. Re1 {[%clk 00:02:30]} {[%emt 00:00:17]} Bg7 {[%clk 00:02:22]} {[%emt
00:00:02]} 12. d4 {[%clk 00:02:29]} {[%emt 00:00:03]} O-O {[%clk 00:01:53]}
{[%emt 00:00:30]} 13. dxe5 {[%clk 00:02:30]} {[%emt 00:00:01]} Be6 {[%clk
00:01:48]} {[%emt 00:00:07]} 14. Bf4 {[%clk 00:02:24]} {[%emt 00:00:09]} Rc8
{[%clk 00:01:38]} {[%emt 00:00:12]} 15. Nd2 {[%clk 00:02:23]} {[%emt 00:00:03]}
Nc6 {[%clk 00:01:36]} {[%emt 00:00:04]} 16. Nc4 {[%clk 00:02:02]} {[%emt
00:00:24]} Bxd5 {[%clk 00:00:56]} {[%emt 00:00:41]} 17. Qxd5 {[%clk 00:02:03]}
{[%emt 00:00:01]} Rfd8 {[%clk 00:00:58]} 18. Nd6 {[%clk 00:02:01]} {[%emt
00:00:05]} b6 {[%clk 00:00:31]} {[%emt 00:00:29]} 19. Nxc8 {[%clk 00:01:56]}
{[%emt 00:00:06]} Rxc8 {[%clk 00:00:32]} {[%emt 00:00:01]} 20. e6 {[%clk
00:01:54]} {[%emt 00:00:04]} Nd8 {[%clk 00:00:05]} {[%emt 00:00:29]} 21. exf7+
{[%clk 00:01:53]} {[%emt 00:00:03]} Qxf7 {[%clk 00:00:06]} 22. Re8+ {[%clk
00:01:50]} {[%emt 00:00:05]} Bf8 {[%clk 00:00:08]} 23. Rxd8 {[%clk 00:01:50]}
{[%emt 00:00:02]} Rxd8 {[%clk 00:00:05]} {[%emt 00:00:05]} 24. Qxd8 {[%clk
00:01:50]} Qxf4 {[%clk 00:00:06]} 25. Re1 {[%clk 00:01:43]} {[%emt 00:00:10]}
Kg7 {[%clk 00:00:08]} {[%emt 00:00:01]} 26. Qd7+ {[%clk 00:01:42]} {[%emt
00:00:02]} Kh6 {[%clk 00:00:09]} 27. Qe8 {[%clk 00:01:27]} {[%emt 00:00:17]}
Bd6 {[%clk 00:00:08]} {[%emt 00:00:03]} 28. Qe3 {[%clk 00:01:28]} {[%emt
00:00:01]} Kg5 {[%clk 00:00:07]} {[%emt 00:00:03]} 29. Qxf4+ Bxf4 {[%clk
00:00:08]} 30. g3 {[%clk 00:01:24]} {[%emt 00:00:03]} Bd6 {[%clk 00:00:04]}
{[%emt 00:00:06]} 31. Re6 {[%clk 00:01:23]} {[%emt 00:00:03]} Bf8 {[%clk
00:00:05]} {[%emt 00:00:01]} 32. Re8 {[%clk 00:01:24]} Bh6 {[%clk 00:00:03]}
{[%emt 00:00:04]} 33. f4+ {[%clk 00:01:22]} {[%emt 00:00:04]} Kg4 {[%clk
00:00:04]} 34. Kg2 {[%clk 00:01:22]} {[%emt 00:00:02]} g5 {[%clk 00:00:05]} 35.
h3+ {[%clk 00:01:15]} {[%emt 00:00:08]} Kf5 {[%clk 00:00:06]} {[%emt 00:00:02]}
36. Re7 {[%clk 00:01:01]} {[%emt 00:00:17]} gxf4 {[%clk 00:00:05]} {[%emt
00:00:03]} 37. Rxh7 {[%clk 00:01:00]} {[%emt 00:00:03]} Bg5 {[%clk 00:00:03]}
{[%emt 00:00:03]} 38. Rxa7 {[%clk 00:00:58]} {[%emt 00:00:04]} fxg3 {[%clk
00:00:03]} {[%emt 00:00:02]} 39. Kxg3 {[%clk 00:00:59]} Bc1 {[%clk 00:00:04]}
{[%emt 00:00:02]} 40. b3 {[%clk 00:00:59]} {[%emt 00:00:01]} Bb2 {[%clk
00:00:05]} {[%emt 00:00:02]} 41. c4 {[%clk 00:01:00]} {[%emt 00:00:02]} Bc3
{[%clk 00:00:06]} 42. h4 {[%clk 00:00:59]} {[%emt 00:00:03]} Kg6 {[%clk
00:00:08]} {[%emt 00:00:01]} 43. Ra6 {[%clk 00:00:59]} {[%emt 00:00:01]} Ba5
{[%clk 00:00:08]} {[%emt 00:00:01]} 44. a3 {[%clk 00:00:59]} {[%emt 00:00:03]}
Kh5 {[%clk 00:00:08]} {[%emt 00:00:02]} 45. b4 {[%clk 00:00:58]} {[%emt
00:00:03]} cxb4 {[%clk 00:00:09]} {[%emt 00:00:01]} 46. axb4 {[%clk 00:00:58]}
{[%emt 00:00:02]} Bxb4 {[%clk 00:00:10]} 47. Rxb6 {[%clk 00:00:59]} {[%emt
00:00:01]} Bd6+ {[%clk 00:00:05]} {[%emt 00:00:07]} 48. Kf3 {[%clk 00:00:54]}
{[%emt 00:00:07]} Bc7 {[%clk 00:00:05]} {[%emt 00:00:02]} 49. Rb7 {[%emt
00:00:07]} Bd6 {[%clk 00:00:03]} 50. Rh7+ {[%clk 00:00:49]} {[%emt 00:00:04]}
Kg6 {[%clk 00:00:05]} 51. Rh8 {[%clk 00:00:48]} {[%emt 00:00:04]} Ba3 {[%clk
00:00:05]} {[%emt 00:00:02]} 52. Ke4 {[%clk 00:00:47]} {[%emt 00:00:03]} Bb2
{[%clk 00:00:03]} {[%emt 00:00:04]} 53. Rb8 {[%clk 00:00:47]} {[%emt 00:00:02]}
Bc3 {[%clk 00:00:04]} {[%emt 00:00:01]} 54. c5 {[%clk 00:00:48]} Kf6 {[%clk
00:00:05]} 55. Kd5 {[%clk 00:00:48]} {[%emt 00:00:03]} Kf5 {[%clk 00:00:03]}
{[%emt 00:00:04]} 56. c6 {[%clk 00:00:47]} {[%emt 00:00:03]} 1-0

[Event "Turniej Blitza na II Lidze Juniorów 2018"]
[Site "Szczyrk, Poland"]
[Date "2018.07.26"]
[Round "3.40"]
[White "Wolaniecki, Patryk"]
[Black "Straczek, Wiktoria"]
[Result "0-1"]
[TimeControl "3'+2\""]
[WhiteElo "1512"]
[BlackElo "1252"]

1. g3 {[%clk 00:03:03]} {[%emt 00:00:01]} e5 {[%clk 00:03:02]} {[%emt
00:00:02]} 2. Bg2 {[%clk 00:03:03]} {[%emt 00:00:03]} d5 {[%clk 00:03:02]} 3.
Nf3 {[%clk 00:03:05]} Nf6 {[%clk 00:02:58]} {[%emt 00:00:05]} 4. Nxe5 {[%clk
00:03:03]} {[%emt 00:00:04]} Bd6 {[%clk 00:02:58]} {[%emt 00:00:03]} 5. Nf3
{[%clk 00:03:03]} {[%emt 00:00:01]} Nc6 {[%clk 00:02:58]} {[%emt 00:00:02]} 6.
O-O {[%clk 00:03:03]} {[%emt 00:00:02]} O-O {[%clk 00:02:57]} {[%emt 00:00:03]}
7. d4 {[%clk 00:03:04]} {[%emt 00:00:01]} Bf5 {[%clk 00:02:51]} {[%emt
00:00:08]} 8. c3 {[%clk 00:02:56]} {[%emt 00:00:10]} Qd7 {[%clk 00:02:44]}
{[%emt 00:00:10]} 9. Bg5 {[%clk 00:02:50]} {[%emt 00:00:08]} Be7 {[%clk
00:02:41]} {[%emt 00:00:04]} 10. Nbd2 {[%clk 00:02:45]} {[%emt 00:00:07]} h6
{[%clk 00:02:42]} {[%emt 00:00:02]} 11. Bf4 {[%clk 00:02:38]} {[%emt 00:00:08]}
Bd6 {[%clk 00:02:36]} {[%emt 00:00:08]} 12. Ne5 {[%clk 00:02:32]} {[%emt
00:00:08]} Qe8 {[%clk 00:02:15]} {[%emt 00:00:23]} 13. Ndf3 {[%clk 00:02:22]}
{[%emt 00:00:13]} Nd7 {[%clk 00:02:13]} {[%emt 00:00:04]} 14. Nxc6 {[%clk
00:01:56]} {[%emt 00:00:27]} bxc6 {[%clk 00:02:12]} {[%emt 00:00:03]} 15. Bxd6
{[%clk 00:01:57]} {[%emt 00:00:01]} cxd6 {[%clk 00:02:13]} {[%emt 00:00:02]} 16.
Qd2 {[%clk 00:01:43]} {[%emt 00:00:16]} Be6 {[%clk 00:01:48]} {[%emt 00:00:27]}
17. Rae1 {[%clk 00:01:38]} {[%emt 00:00:06]} c5 {[%clk 00:01:48]} {[%emt
00:00:02]} 18. e3 {[%clk 00:01:29]} {[%emt 00:00:11]} Nf6 {[%clk 00:01:43]}
{[%emt 00:00:07]} 19. Qc2 {[%clk 00:01:09]} {[%emt 00:00:22]} Qd7 {[%clk
00:01:19]} {[%emt 00:00:26]} 20. dxc5 {[%clk 00:01:01]} {[%emt 00:00:11]} dxc5
{[%clk 00:01:19]} {[%emt 00:00:01]} 21. Rd1 {[%clk 00:01:02]} {[%emt 00:00:01]}
Qc7 {[%clk 00:01:14]} {[%emt 00:00:07]} 22. Nd2 {[%clk 00:00:43]} {[%emt
00:00:21]} Rfd8 {[%clk 00:01:11]} {[%emt 00:00:05]} 23. e4 {[%clk 00:00:35]}
{[%emt 00:00:11]} Rab8 {[%clk 00:00:59]} {[%emt 00:00:13]} 24. exd5 {[%clk
00:00:34]} {[%emt 00:00:03]} Bxd5 {[%clk 00:00:59]} {[%emt 00:00:02]} 25. Bxd5
{[%clk 00:00:35]} {[%emt 00:00:01]} Rxd5 {[%clk 00:00:59]} {[%emt 00:00:02]} 26.
Nb3 {[%clk 00:00:27]} {[%emt 00:00:09]} c4 {[%clk 00:00:56]} {[%emt 00:00:06]}
27. Nd4 {[%clk 00:00:28]} Qb6 {[%emt 00:00:09]} 28. b4 {[%clk 00:00:23]} {[%emt
00:00:06]} cxb3 {[%clk 00:00:51]} {[%emt 00:00:01]} 29. axb3 {[%clk 00:00:25]}
Rc8 {[%clk 00:00:46]} {[%emt 00:00:07]} 30. Qb2 {[%clk 00:00:21]} {[%emt
00:00:05]} Ne4 {[%clk 00:00:43]} {[%emt 00:00:06]} 31. c4 {[%clk 00:00:20]}
{[%emt 00:00:03]} Rdc5 {[%clk 00:00:38]} {[%emt 00:00:06]} 32. Qb1 {[%clk
00:00:15]} {[%emt 00:00:06]} Nc3 {[%clk 00:00:38]} {[%emt 00:00:03]} 33. Qc2
{[%clk 00:00:15]} {[%emt 00:00:02]} Nxd1 {[%clk 00:00:39]} {[%emt 00:00:02]} 34.
Rxd1 {[%clk 00:00:16]} Rd8 {[%clk 00:00:36]} {[%emt 00:00:05]} 35. Nf3 {[%emt
00:00:11]} Rxd1+ 36. Qxd1 {[%clk 00:00:10]} Rf5 {[%clk 00:00:32]} {[%emt
00:00:04]} 37. Kg2 {[%clk 00:00:11]} {[%emt 00:00:01]} Qb7 {[%clk 00:00:30]}
{[%emt 00:00:03]} 38. Qc2 {[%clk 00:00:10]} {[%emt 00:00:04]} Qxf3+ {[%clk
00:00:30]} {[%emt 00:00:02]} 39. Kg1 {[%clk 00:00:12]} {[%emt 00:00:01]} Re5
{[%clk 00:00:27]} {[%emt 00:00:04]} 40. Qc1 {[%clk 00:00:10]} {[%emt 00:00:04]}
Re7 {[%clk 00:00:26]} {[%emt 00:00:03]} 41. c5 {[%clk 00:00:11]} {[%emt
00:00:02]} Rd7 {[%clk 00:00:26]} {[%emt 00:00:01]} 42. h4 {[%clk 00:00:08]}
{[%emt 00:00:06]} Rd1+ {[%clk 00:00:27]} {[%emt 00:00:01]} 43. Qxd1 {[%clk
00:00:09]} Qxd1+ 44. Kh2 Qxb3 {[%clk 00:00:28]} {[%emt 00:00:02]} 45. c6 {[%clk
00:00:12]} {[%emt 00:00:01]} Qc4 {[%clk 00:00:29]} 46. c7 {[%clk 00:00:13]}
{[%emt 00:00:02]} Qxc7 {[%clk 00:00:30]} 47. Kg2 {[%clk 00:00:14]} Qc6+ {[%clk
00:00:31]} 48. Kh2 {[%clk 00:00:15]} Kh7 {[%clk 00:00:32]} 49. h5 {[%clk
00:00:16]} {[%emt 00:00:01]} g6 {[%clk 00:00:33]} {[%emt 00:00:01]} 50. hxg6+
{[%clk 00:00:17]} {[%emt 00:00:02]} Kxg6 {[%clk 00:00:34]} 51. g4 {[%clk
00:00:17]} {[%emt 00:00:01]} Qf3 {[%clk 00:00:34]} {[%emt 00:00:02]} 52. Kg1
{[%clk 00:00:18]} Qxg4+ {[%emt 00:00:01]} 53. Kh2 Qe4 {[%clk 00:00:34]} {[%emt
00:00:02]} 54. Kg3 {[%clk 00:00:20]} {[%emt 00:00:02]} Kg5 {[%clk 00:00:33]}
{[%emt 00:00:03]} 55. Kh2 {[%clk 00:00:22]} Qf4+ {[%clk 00:00:34]} {[%emt
00:00:01]} 56. Kg2 {[%clk 00:00:23]} {[%emt 00:00:01]} Qg4+ {[%clk 00:00:35]}
57. Kh2 {[%clk 00:00:25]} Qf3 {[%clk 00:00:36]} {[%emt 00:00:01]} 58. Kg1
{[%emt 00:00:04]} Qe2 {[%clk 00:00:28]} {[%emt 00:00:07]} 59. f4+ {[%clk
00:00:24]} {[%emt 00:00:03]} Kxf4 {[%emt 00:00:03]} 60. Kh1 Kg3 {[%emt
00:00:02]} 61. Kg1 Qe1# {[%clk 00:00:29]} {[%emt 00:00:01]} 0-1

[Event "Turniej Blitza na II Lidze Juniorów 2018"]
[Site "Szczyrk, Poland"]
[Date "2018.07.26"]
[Round "3.44"]
[White "Obrochta, Lena"]
[Black "Majdanski, Maksymilian"]
[Result "1/2-1/2"]
[TimeControl "3'+2\""]
[WhiteElo "1219"]
[BlackElo "1461"]

1. e4 {[%clk 00:03:04]} d6 {[%clk 00:03:03]} {[%emt 00:00:02]} 2. d4 {[%clk
00:03:04]} {[%emt 00:00:01]} Nf6 {[%clk 00:03:04]} 3. Nc3 {[%clk 00:03:05]}
{[%emt 00:00:01]} c6 {[%clk 00:03:04]} {[%emt 00:00:02]} 4. Nf3 {[%clk
00:03:06]} Qa5 {[%clk 00:03:05]} {[%emt 00:00:02]} 5. Bd3 {[%clk 00:03:03]}
{[%emt 00:00:04]} Bg4 {[%clk 00:02:54]} {[%emt 00:00:12]} 6. h3 {[%clk
00:03:05]} {[%emt 00:00:01]} Bh5 {[%clk 00:02:55]} {[%emt 00:00:01]} 7. Be3
{[%emt 00:00:02]} Nbd7 {[%clk 00:02:51]} {[%emt 00:00:05]} 8. a3 {[%clk
00:03:07]} {[%emt 00:00:01]} e5 {[%clk 00:02:50]} {[%emt 00:00:04]} 9. dxe5
{[%clk 00:03:04]} {[%emt 00:00:04]} Nxe5 {[%clk 00:02:45]} {[%emt 00:00:07]} 10.
g4 {[%clk 00:02:56]} {[%emt 00:00:10]} Bg6 {[%clk 00:02:35]} {[%emt 00:00:12]}
11. Nd2 {[%clk 00:02:40]} {[%emt 00:00:18]} Nxd3+ {[%clk 00:02:24]} {[%emt
00:00:13]} 12. cxd3 {[%clk 00:02:41]} {[%emt 00:00:01]} Be7 {[%clk 00:02:17]}
{[%emt 00:00:09]} 13. f4 {[%clk 00:02:32]} {[%emt 00:00:11]} h6 {[%clk
00:02:10]} {[%emt 00:00:09]} 14. f5 {[%clk 00:02:32]} {[%emt 00:00:02]} Bh7
{[%clk 00:02:11]} 15. Nc4 {[%clk 00:02:22]} {[%emt 00:00:12]} Qc7 {[%emt
00:00:03]} 16. Bf4 {[%clk 00:02:21]} {[%emt 00:00:02]} b5 {[%clk 00:02:03]}
{[%emt 00:00:10]} 17. Ne3 {[%clk 00:02:19]} {[%emt 00:00:04]} O-O {[%clk
00:02:01]} {[%emt 00:00:04]} 18. h4 {[%clk 00:02:17]} {[%emt 00:00:04]} Nd7
{[%clk 00:00:55]} {[%emt 00:01:07]} 19. g5 {[%clk 00:02:06]} {[%emt 00:00:13]}
Ne5 {[%clk 00:00:50]} {[%emt 00:00:07]} 20. gxh6 {[%clk 00:02:00]} {[%emt
00:00:08]} g6 {[%clk 00:00:46]} {[%emt 00:00:07]} 21. d4 {[%clk 00:01:53]}
{[%emt 00:00:09]} Nc4 {[%clk 00:00:43]} {[%emt 00:00:04]} 22. Nxc4 {[%clk
00:01:53]} {[%emt 00:00:03]} bxc4 {[%clk 00:00:45]} 23. Qg4 {[%clk 00:01:16]}
{[%emt 00:00:39]} Kh8 {[%clk 00:00:29]} {[%emt 00:00:17]} 24. h5 {[%clk
00:01:08]} {[%emt 00:00:10]} Rg8 {[%clk 00:00:30]} {[%emt 00:00:02]} 25. hxg6
{[%clk 00:01:00]} {[%emt 00:00:09]} fxg6 {[%clk 00:00:31]} 26. e5 {[%clk
00:00:38]} {[%emt 00:00:24]} gxf5 {[%clk 00:00:27]} {[%emt 00:00:06]} 27. Qe2
{[%clk 00:00:37]} {[%emt 00:00:02]} Rae8 {[%clk 00:00:16]} {[%emt 00:00:14]} 28.
e6 {[%clk 00:00:30]} {[%emt 00:00:09]} Bf6 {[%clk 00:00:13]} {[%emt 00:00:04]}
29. Rd1 {[%clk 00:00:30]} {[%emt 00:00:02]} Re7 {[%clk 00:00:13]} {[%emt
00:00:03]} 30. d5 {[%clk 00:00:29]} {[%emt 00:00:02]} c5 {[%clk 00:00:15]} 31.
Rh5 {[%clk 00:00:28]} {[%emt 00:00:03]} Bg6 {[%clk 00:00:15]} {[%emt 00:00:02]}
32. Rh1 {[%clk 00:00:28]} {[%emt 00:00:02]} Bh7 {[%clk 00:00:17]} 33. Qd2
{[%clk 00:00:25]} {[%emt 00:00:05]} Qb6 {[%clk 00:00:16]} {[%emt 00:00:03]} 34.
Qe2 {[%clk 00:00:24]} {[%emt 00:00:03]} Qb3 {[%clk 00:00:17]} 35. Bxd6 {[%emt
00:00:18]} Rb7 {[%clk 00:03:02]} {[%emt 00:00:05]} 36. Be5 1/2-1/2